[Event "GER-ch U18 sf Berlin Online"]
[Site "Playchess.com INT"]
[Date "2020.05.01"]
[Round "11"]
[White "Freude, Max"]
[Black "Butenandt, Svenja"]
[Result "0-1"]
[WhiteElo "1620"]
[BlackElo "1764"]
[PlyCount "76"]
[EventDate "2020.05.01"]
[EventType "swiss (blitz)"]
[EventRounds "13"]
[EventCountry "GER"]
[SourceTitle "CBM 195 Extra"]
[Source "ChessBase"]
[SourceDate "2020.05.31"]
[SourceVersion "1"]
[SourceVersionDate "2020.05.31"]
[SourceQuality "1"]

1. e4 c5 2. Nc3 Nc6 3. g3 g6 4. Bg2 Bg7 5. Nge2 e6 6. 0-0 Nge7 7. f4 0-0 8. d3 Rb8 9. h3 b5 10. g4 f5 11. Ng3 b4 12. Nce2 Nd4 13. Nxd4 Bxd4+ 14. Kh1 Bb7 15. e5 Bxg2+ 16. Kxg2 Nd5 17. g5 Bxb2 18. Rb1 Nc3 19. Qe1 Nxb1 20. Bxb2 Nc3 21. Bxc3 bxc3 22. Qxc3 Qc7 23. h4 Qc6+ 24. Kf2 Qb6 25. h5 c4+ 26. Kg2 cxd3 27. Qxd3 Qc6+ 28. Kf2 Rb4 29. Qd2 Rc4 30. Rc1 Rc3 31. Qe2 Qc5+ 32. Kg2 Rc8 33. hxg6 hxg6 34. Kh3 Rxc2 35. Rxc2 Qxc2 36. Qb5 Qc6 37. Qb4 Kf7 38. Qd4 Rh8+ 0-1

[Event "GER-ch U18 sf Berlin Online"]
[Site "Playchess.com INT"]
[Date "2020.05.01"]
[Round "1"]
[White "Freude, Max"]
[Black "Kopylov, Daniel"]
[Result "0-1"]
[WhiteElo "1620"]
[BlackElo "2173"]
[PlyCount "68"]
[EventDate "2020.05.01"]
[EventType "swiss (blitz)"]
[EventRounds "13"]
[EventCountry "GER"]
[SourceTitle "CBM 195 Extra"]
[Source "ChessBase"]
[SourceDate "2020.05.31"]
[SourceVersion "1"]
[SourceVersionDate "2020.05.31"]
[SourceQuality "1"]

1. e4 c5 2. Nc3 Nc6 3. g3 g6 4. Bg2 Bg7 5. Nge2 e6 6. 0-0 Nge7 7. d3 0-0 8. h3 Rb8 9. f4 b5 10. g4 b4 11. Nb1 f5 12. g5 Nd4 13. Nd2 Bb7 14. e5 Bxg2 15. Kxg2 d6 16. Nxd4 cxd4 17. Nf3 dxe5 18. fxe5 Qd5 19. Bf4 Rbc8 20. a3 Nc6 21. Qe2 a5 22. axb4 Nxb4 23. Rac1 Rc5 24. Rfd1 Rfc8 25. c4 dxc3 26. bxc3 Rxc3 27. Rxc3 Rxc3 28. d4 Bf8 29. Rf1 Qb3 30. h4 Rc2 31. Nd2 Qd5+ 32. Kg1 Qxd4+ 33. Be3 Qxe5 34. Qg2 Qxe3+ 0-1

[Event "GER-ch U18 sf Berlin Online"]
[Site "Playchess.com INT"]
[Date "2020.05.01"]
[Round "4"]
[White "Freude, Max"]
[Black "Spitzl, Vinzent"]
[Result "0-1"]
[WhiteElo "1620"]
[BlackElo "2063"]
[PlyCount "114"]
[EventDate "2020.05.01"]
[EventType "swiss (blitz)"]
[EventRounds "13"]
[EventCountry "GER"]
[SourceTitle "CBM 195 Extra"]
[Source "ChessBase"]
[SourceDate "2020.05.31"]
[SourceVersion "1"]
[SourceVersionDate "2020.05.31"]
[SourceQuality "1"]

1. e4 c6 2. d4 d5 3. exd5 cxd5 4. Bd3 Nc6 5. c3 Nf6 6. Bf4 g6 7. Ne2 Bg7 8. 0-0 0-0 9. Nd2 Bf5 10. Nf3 Ne4 11. Ng3 Nxg3 12. hxg3 Bxd3 13. Qxd3 Qd7 14. Rfe1 Rac8 15. Ne5 Nxe5 16. Bxe5 e6 17. Bxg7 Kxg7 18. f4 Qc7 19. Qe3 b5 20. Rac1 a5 21. Qe5+ Qxe5 22. Rxe5 b4 23. c4 Rxc4 24. Rxc4 dxc4 25. Rxa5 Rc8 26. Re5 c3 27. bxc3 bxc3 28. Re1 c2 29. Rc1 Kf6 30. Kf2 Kf5 31. Ke2 Kg4 32. Kd3 Kxg3 33. Rxc2 Ra8 34. Ke4 h5 35. Ke5 Ra5+ 36. Ke4 f5+ 37. Kd3 Kxf4 38. Kc4 g5 39. Kb4 Ra8 40. a4 Rb8+ 41. Kc4 h4 42. a5 g4 43. a6 h3 44. gxh3 gxh3 45. a7 Ra8 46. Ra2 Kg3 47. Kb5 h2 48. Rxh2 Kxh2 49. Kb6 f4 50. Kb7 Rxa7+ 51. Kxa7 f3 52. Kb6 f2 53. Kc5 f1Q 54. Kd6 Qe2 55. d5 exd5 56. Kxd5 Kg3 57. Kd4 Kf4 0-1

[Event "GER-ch U18 sf Berlin Online"]
[Site "Playchess.com INT"]
[Date "2020.05.01"]
[Round "8"]
[White "Tschernatsch, Johannes"]
[Black "Freude, Max"]
[Result "1/2-1/2"]
[WhiteElo "1803"]
[BlackElo "1620"]
[PlyCount "233"]
[EventDate "2020.05.01"]
[EventType "swiss (blitz)"]
[EventRounds "13"]
[EventCountry "GER"]
[SourceTitle "CBM 195 Extra"]
[Source "ChessBase"]
[SourceDate "2020.05.31"]
[SourceVersion "1"]
[SourceVersionDate "2020.05.31"]
[SourceQuality "1"]

1. e4 c5 2. Nf3 Nc6 3. d4 cxd4 4. Nxd4 Nf6 5. Nc3 e5 6. Ndb5 d6 7. Bg5 a6 8. Na3 b5 9. Bxf6 gxf6 10. Nd5 f5 11. Bd3 Be6 12. 0-0 Bg7 13. c4 b4 14. Nc2 f4 15. Ncxb4 Nxb4 16. Nxb4 Rb8 17. Qd2 Qb6 18. Nd5 Bxd5 19. cxd5 Qxb2 20. Qxb2 Rxb2 21. Rfb1 Rxb1+ 22. Rxb1 0-0 23. Bxa6 Ra8 24. Bc4 Ra4 25. Rc1 f5 26. f3 fxe4 27. fxe4 Bh6 28. Rc2 Kf7 29. Kf2 Kf6 30. Kf3 Bf8 31. Bb3 Rd4 32. Rc3 Be7 33. Rc7 Rd2 34. Bc4 Rc2 35. a4 h5 36. Rc6 Rc3+ 37. Ke2 Rc2+ 38. Kf1 Rc1+ 39. Kf2 Rc2+ 40. Kf3 Rc3+ 41. Kf2 Rc2+ 42. Be2 Ra2 43. Ra6 Kf7 44. Ra7 Kf8 45. Ra8+ Kf7 46. Ra7 Kf8 47. g3 fxg3+ 48. hxg3 h4 49. gxh4 Bxh4+ 50. Kf3 Bg5 51. Bb5 Bf4 52. Kg4 Rg2+ 53. Kf5 Rg5+ 54. Ke6 Rg6+ 55. Kd7 Rg7+ 56. Kxd6 Rxa7 57. Kc6 Ke7 58. d6+ Kd8 59. Kb6 Rh7 60. a5 Be3+ 61. Kc6 Kc8 62. Kd5 Bd4 63. Bc6 Ra7 64. Ke6 Rxa5 65. Ke7 Ra7+ 66. d7+ Rxd7+ 67. Bxd7+ Kc7 68. Bf5 Kb6 69. Ke6 Kc5 70. Kf6 Kc4 71. Kg5 Kd3 72. Kg4 Kc4 73. Kh5 Kb5 74. Kg6 Kc6 75. Kf7 Kc7 76. Ke6 Kb6 77. Kd5 Ka5 78. Kc4 Kb6 79. Kd3 Kc7 80. Ke2 Kd6 81. Kf3 Ke7 82. Kg2 Kf6 83. Kh3 Kg5 84. Kg2 Kf4 85. Kf1 Ke3 86. Ke1 Kf3 87. Kd1 Kf4 88. Ke1 Kg5 89. Kd1 Kf6 90. Ke1 Ke7 91. Kd1 Kd6 92. Ke1 Kc5 93. Kd1 Kb4 94. Ke1 Kc3 95. Kd1 Kb4 96. Ke1 Kc5 97. Ke2 Kd6 98. Kf1 Ke7 99. Ke2 Kf6 100. Kf1 Kg5 101. Kg2 Kf4 102. Kh1 Ke3 103. Kg1 Kf4+ 104. Kg2 Kg5 105. Kf1 Kf6 106. Ke2 Ke7 107. Kf3 Kd6 108. Kg4 Kc5 109. Kh5 Kb4 110. Kg6 Kc3 111. Kf7 Kd2 112. Ke6 Ke3 113. Kd5 Kf4 114. Kc4 Kg5 115. Kd3 Kf6 116. Ke2 Ke7 117. Kf3 1/2-1/2

[Event "GER-chT U12"]
[Site "Magdeburg"]
[Date "2019.12.27"]
[Round "1.1"]
[White "Fischer, Darja"]
[Black "Freude, Max"]
[Result "1/2-1/2"]
[WhiteElo "1546"]
[BlackElo "1809"]
[PlyCount "90"]
[EventDate "2019.12.27"]
[EventType "team-swiss"]
[EventRounds "7"]
[EventCountry "GER"]
[SourceTitle "CBM 194 Extra"]
[Source "ChessBase"]
[SourceDate "2020.03.31"]
[SourceVersion "1"]
[SourceVersionDate "2020.03.31"]
[SourceQuality "1"]
[WhiteTeam "Karlsruhe SF"]
[BlackTeam "Berlin Empor"]
[WhiteTeamCountry "GER"]
[BlackTeamCountry "GER"]

1. d4 Nf6 2. c4 e6 3. Nc3 Bb4 4. Qc2 0-0 5. Bg5 h6 6. Bh4 d5 7. cxd5 exd5 8. e3 Re8 9. Nf3 c6 10. Bd3 Nbd7 11. 0-0 Qa5 12. Ne2 Ne4 13. a3 Bd6 14. Nc3 Nxc3 15. Qxc3 Qxc3 16. bxc3 g5 17. Bg3 Bxg3 18. hxg3 g4 19. Nd2 Nf6 20. Rfe1 Ne4 21. Bxe4 dxe4 22. Nb3 b6 23. Nc1 Be6 24. Ne2 Rac8 25. Nf4 Bc4 26. Rac1 Red8 27. Red1 Bb3 28. Re1 c5 29. Rf1 Rd6 30. Rfe1 f5 31. Rf1 Kf7 32. Rfe1 Rd7 33. Rb1 Bc2 34. Rbc1 Bb3 35. Rb1 Bc2 36. Rbc1 Ba4 37. d5 b5 38. Rb1 a6 39. Rb2 a5 40. Rc1 Rb8 41. Rcb1 Ke7 42. Kf1 Kd6 43. Ke2 Rdb7 44. Rh1 Rh7 45. Rh5 Rf8 1/2-1/2

[Event "GER-ch U12"]
[Site "Willingen"]
[Date "2019.06.14"]
[Round "8"]
[White "Fuchs, Florian1111"]
[Black "Freude, Max"]
[Result "1-0"]
[WhiteElo "1746"]
[BlackElo "1707"]
[PlyCount "73"]
[EventDate "2019.06.08"]
[EventType "swiss"]
[EventRounds "9"]
[EventCountry "GER"]
[SourceTitle "CBM 191 Extra"]
[Source "ChessBase"]
[SourceDate "2019.09.30"]
[SourceVersion "1"]
[SourceVersionDate "2019.09.30"]
[SourceQuality "1"]

1. e4 e5 2. Nf3 Nf6 3. Nxe5 d6 4. Nc4 Nxe4 5. Qe2 Qe7 6. Ne3 c6 7. c4 g6 8. g3 Bg7 9. Bg2 Nf6 10. Nc3 0-0 11. 0-0 Na6 12. d4 Nc7 13. Rd1 Re8 14. b3 Bd7 15. Bb2 Ng4 16. Ne4 Nxe3 17. Qxe3 f5 18. Ng5 Qxe3 19. fxe3 Rxe3 20. Bc1 Re7 21. Ba3 c5 22. dxc5 Bxa1 23. cxd6 Rg7 24. Rxa1 Bc6 25. dxc7 Bxg2 26. Ne6 Rd7 27. Kxg2 Re8 28. Kh3 Rc8 29. Re1 Rd2 30. Nd8 h5 31. Re8+ Kh7 32. Re7+ Kg8 33. Bc1 Rxa2 34. Bh6 Ra3 35. Rg7+ Kf8 36. Ne6+ Ke8 37. Bg5 1-0

[Event "GER-ch U12"]
[Site "Willingen"]
[Date "2019.06.12"]
[Round "5"]
[White "Freude, Max"]
[Black "Von Mettenheim, Johannes"]
[Result "1-0"]
[WhiteElo "1707"]
[BlackElo "1757"]
[PlyCount "77"]
[EventDate "2019.06.08"]
[EventType "swiss"]
[EventRounds "9"]
[EventCountry "GER"]
[SourceTitle "CBM 191 Extra"]
[Source "ChessBase"]
[SourceDate "2019.09.30"]
[SourceVersion "1"]
[SourceVersionDate "2019.09.30"]
[SourceQuality "1"]

1. e4 c6 2. d4 d5 3. exd5 cxd5 4. Bd3 Nc6 5. c3 Nf6 6. Bf4 Bg4 7. Qb3 e5 8. h3 Qe7 9. hxg4 exf4+ 10. Kf1 Nxg4 11. Nd2 Qd7 12. Re1+ Be7 13. Nh3 0-0-0 14. Qc2 g6 15. b4 Bh4 16. Nf3 Bf6 17. a4 Kb8 18. a5 Rc8 19. Qa4 Qc7 20. Ra1 Nd8 21. Ra3 Ne6 22. b5 Qd7 23. Ke2 Rhe8 24. Kd2 h6 25. Rb1 Ng5 26. Nfxg5 Bxg5 27. b6 Qxa4 28. bxa7+ Kxa7 29. Rxa4 f3+ 30. Nxg5 hxg5 31. Rab4 Re7 32. gxf3 Nxf2 33. Bf1 g4 34. a6 bxa6 35. Bxa6 Rcc7 36. Ra4 Ka8 37. Bc4+ Ra7 38. Bxd5+ Reb7 39. Bxb7+ 1-0

[Event "GER-ch U12"]
[Site "Willingen"]
[Date "2019.06.09"]
[Round "2"]
[White "Hoppstaedter, Daniel"]
[Black "Freude, Max"]
[Result "0-1"]
[WhiteElo "1576"]
[BlackElo "1707"]
[PlyCount "64"]
[EventDate "2019.06.08"]
[EventType "swiss"]
[EventRounds "9"]
[EventCountry "GER"]
[SourceTitle "CBM 191 Extra"]
[Source "ChessBase"]
[SourceDate "2019.09.30"]
[SourceVersion "1"]
[SourceVersionDate "2019.09.30"]
[SourceQuality "1"]

1. d4 Nf6 2. Nf3 e6 3. Bg5 Be7 4. Nbd2 d5 5. e3 h6 6. Bh4 b6 7. Ne5 Bb7 8. f4 Nfd7 9. Bxe7 Qxe7 10. Qg4 0-0 11. Bd3 Nxe5 12. fxe5 c5 13. c3 Nd7 14. h4 f5 15. Qf4 a5 16. Rh3 Ba6 17. Bxa6 Rxa6 18. Rg3 Kh8 19. h5 b5 20. Nf3 Rc8 21. Nh4 Nf8 22. Kd2 b4 23. Rf1 bxc3+ 24. bxc3 cxd4 25. exd4 Qa3 26. Ng6+ Nxg6 27. Rxg6 Qxc3+ 28. Ke2 Qb2+ 29. Kd1 Qb1+ 30. Ke2 Qxa2+ 31. Ke1 Rac6 32. Rxh6+ Kg8 0-1

[Event "JBLN Ost 1819"]
[Site "Germany"]
[Date "2018.09.29"]
[Round "1.6"]
[White "Freude, Max"]
[Black "Kraft, Adrian"]
[Result "1/2-1/2"]
[WhiteElo "1619"]
[BlackElo "1613"]
[PlyCount "86"]
[EventDate "2018.09.29"]
[EventType "team-tourn"]
[EventRounds "9"]
[EventCountry "GER"]
[SourceTitle "CBM 189 Extra"]
[Source "ChessBase"]
[SourceDate "2019.06.03"]
[SourceVersion "1"]
[SourceVersionDate "2019.06.03"]
[SourceQuality "1"]
[WhiteTeam "Berlin Empor"]
[BlackTeam "Borussia Lichtenberg"]
[WhiteTeamCountry "GER"]
[BlackTeamCountry "GER"]

1. b3 d5 2. Bb2 Nf6 3. e3 e6 4. Nf3 Nbd7 5. c4 c5 6. Be2 b6 7. d4 Bb7 8. Nbd2 Be7 9. 0-0 0-0 10. Rc1 Rc8 11. cxd5 Nxd5 12. Nc4 Bf6 13. Nd6 Rc7 14. Ba3 Be7 15. dxc5 Nxc5 16. Nxb7 Nxb7 17. Bxe7 Qxe7 18. Rxc7 Qxc7 19. Qd2 Rc8 20. Bc4 Rd8 21. Qb2 Qe7 22. Nd4 Qc5 23. Rc1 Rc8 24. Ne2 Qf8 25. Bxd5 exd5 26. Rxc8 Qxc8 27. Qc3 Qf5 28. Qc7 g6 29. Qc1 Nc5 30. Nd4 Qf6 31. b4 Ne4 32. f3 Nd6 33. Qc3 Nc4 34. Ne2 Qe7 35. e4 Nd6 36. e5 Nc4 37. f4 Qd7 38. Kf2 Qf5 39. Qd4 Qb1 40. Qxd5 Qxb4 41. Qd8+ Kg7 42. Qf6+ Kg8 43. Qd8+ Kg7 1/2-1/2

[Event "Berlin Lichtenberger op 16th"]
[Site "Berlin"]
[Date "2017.08.21"]
[Round "3"]
[White "Ritter, Uwe1111"]
[Black "Freude, Max"]
[Result "1-0"]
[WhiteElo "1953"]
[BlackElo "1416"]
[PlyCount "109"]
[EventDate "2017.08.19"]
[EventType "swiss"]
[EventRounds "9"]
[EventCountry "GER"]
[SourceTitle "CBM 180 Extra"]
[Source "ChessBase"]
[SourceDate "2017.10.06"]
[SourceVersion "1"]
[SourceVersionDate "2017.10.06"]
[SourceQuality "1"]

1. f4 d5 2. Nf3 Nf6 3. e3 g6 4. d4 c5 5. c3 Bg7 6. Bd3 0-0 7. 0-0 Bf5 8. Bxf5 gxf5 9. dxc5 Nbd7 10. c6 bxc6 11. Nd4 c5 12. Nxf5 e6 13. Nxg7 Kxg7 14. Nd2 Rg8 15. Qf3 Kf8 16. e4 dxe4 17. Nxe4 Nxe4 18. Qxe4 Nf6 19. Qe5 Qd5 20. Qxd5 Nxd5 21. f5 Ke7 22. fxe6 Kxe6 23. c4 Nb4 24. Be3 Nc2 25. Rac1 Nxe3 26. Rce1 Kd6 27. Rxe3 Rg7 28. Rf6+ Kd7 29. Rd3+ Ke7 30. Rc6 Rg5 31. Rd5 Rxd5 32. cxd5 Rb8 33. b3 Rb7 34. Rxc5 Kd6 35. Ra5 Rd7 36. Kf2 Ke5 37. Ke3 Re7 38. Kd3 Kd6 39. Kd4 Rc7 40. Ra6+ Kd7 41. Rc6 Rxc6 42. dxc6+ Kxc6 43. Ke5 Kc5 44. a3 a6 45. g4 h6 46. Kf6 Kd4 47. Kxf7 Kc3 48. Kg6 Kxb3 49. Kxh6 Kxa3 50. g5 a5 51. g6 a4 52. g7 Kb2 53. g8Q a3 54. Kg5 a2 55. Qxa2+ 1-0